000 01272nam a2200325Ia 4500
001 ebr10658898
003 CaPaEBR
006 m u
007 cr cn|||||||||
008 091124s2010 nyua sb 001 0 eng d
010 _z 2009046139
020 _z9781606929636 (hardcover : alk. paper)
020 _z9781617618796
040 _aCaPaEBR
_cCaPaEBR
035 _a(OCoLC)676891081
050 1 4 _aTA418.78
_b.B85 2010eb
082 0 4 _a620.1/1
_222
245 0 0 _aBulk materials
_h[electronic resource] :
_bresearch, technology, and applications /
_cTeodor Frias and Ventura Maestas, editors.
260 _aNew York :
_bNova Science Publishers,
_cc2010.
300 _axii, 439 p. :
_bill. (some col.)
504 _aIncludes bibliographical references and index.
533 _aElectronic reproduction.
_bPalo Alto, Calif. :
_cebrary,
_d2013.
_nAvailable via World Wide Web.
_nAccess may be limited to ebrary affiliated libraries.
650 0 _aBulk solids.
650 0 _aGranular materials.
655 7 _aElectronic books.
_2local
700 1 _aFrias, Teodor.
700 1 _aMaestas, Ventura.
710 2 _aebrary, Inc.
856 4 0 _uhttp://site.ebrary.com/lib/rucke/Doc?id=10658898
_zAn electronic book accessible through the World Wide Web; click to view
999 _c64414
_d64414